000 01111nam a22002537a 4500
005 20170124103024.0
010 _aA-930269
020 _c125.00
035 _aA-930269
037 _bCen Lib/Ret
040 _aDPL
_bHN
082 _a
_bचन्द्रभा
100 _aचन्द्रभान राही
_961670
245 _aरोटी की कीमत :
_cचन्द्रभान राही
_bकहानी संकलन /
246 _aRoti ki kimat : kahani sankalan /
_bby Chndrabhan Raahi
260 _aदिल्ली
_bआधुनिक प्रकाशन
_c2000
270 _a4-B/6, गुरुद्वारा मोहल्ला, पूरी गली न. 7 मौजपुर घोंडा
_bदिल्ली
_e110053
300 _a136पृ.
_c21सेमी(सजिल्द)
650 _aहिंदी साहित्य
_961671
650 _aहिंदी कहानियां
_92082
650 _aHindi literature
_961672
650 _aHindi stories
_961673
942 _2ddc
_cHN
_h
_mचन्द्रभा
999 _c115492
_d115492